Responses for Show #775 - Friday, January 8, 1988

Contestants

Bruce Wolfe, a software engineer from San Francisco, California

Sarah Workman, a history teacher from Pomona, California

Janet Holzer, a foreign language teacher from Indianapolis, Indiana (whose 2-day cash winnings total $19,601)

[next game >>]

Jeopardy! Round responses

WYOMING
FOOD
#1 HITS
MUSEUMS
INTERNATIONAL ACTRESSES
WHAT'S "NEW"?
    $100 19
Casper

Janet
    $100 1
vanilla

Bruce
    $100 4
"Hotel California"

Sarah
    $100 6
New York City

Bruce
    $100 11
Elke Sommer

Sarah
    $100 12
New Year's Day

Janet
    $200 20
women the right to vote

Bruce
    $200 2
monosodium glutamate (MSG)

Sarah
    $200 5
(Bruce: What is "Have You Ever Been Mellow?)
(Alex: [*], [*], [*] are some of the others.)

"Have You Never Been Mellow" ("Magic", "Physical")

Bruce
    $200 7
(Bruce: What is a film museum?)

wax museum

JanetBruce
    $200 24
(Susan) Clark

Sarah
    $200 13
Newcastle

Sarah
    $300 22
(Sarah: What is Buffalo?)
(Alex: No, sorry.)
[Laughter]
...
(Alex: Caught you a bit on that one, I think. Thought of the wrong part of his name.)

Cody

Sarah
Triple Stumper
    $300 3
(Bruce: What is 3?)

1

SarahBruce
    $300 21
"Bridge Over Troubled Water"

Sarah
    $300 8
fleas

Janet
    $300 28
Brigitte Bardot

Sarah
    $300 14
newsreel

Bruce
    $600 26
(Alex: We've got less than a minute to go.)

(2 of) Missouri, Colorado & Columbia

Sarah
    $400 17
R

Sarah
    $400 23
"Raindrops Keep Fallin' on My Head"

Bruce
    $400 9
Akron

Sarah
    $400 29
Claudette Colbert

Sarah
    $400 15
new math

Bruce
    $500 27
(Alex: That's absolutely right. It was featured prominently in the film Close Encounters.)

Devil's Tower

Janet
    $500 18
(Sarah: What is pears?)

plums

JanetSarah
    $500 25
(Sarah: What, um... I don't know.)
...
(Alex: [*], darling.)

"You Send Me"

Sarah
Triple Stumper
    $500 10
Custer's Last Stand

Sarah
    $500 30
Anna Magnani

Triple Stumper
    $500 16
Newspeak

Bruce

Scores at the first commercial break (after clue 16):

Janet Sarah Bruce
$600 $1,800 $1,100

Scores at the end of the Jeopardy! Round:

Janet Sarah Bruce
$1,700 $2,700 $1,700

Double Jeopardy! Round responses

1887
MEDICINE
INDIAN NAMES
FEMINISTS
4-LETTER WORDS
CENSORSHIP
    $200 22
Hawaii

Bruce
    $200 7
mosquito

Janet
    $200 21
Conestoga

Bruce
    $200 4
Mary Shelley

Sarah
    $200 12
(Bruce: What is reel?)

land

SarahBruce
    $200 1
comic books

Janet
    $400 23
Dewey

Sarah
    $400 8
anemia

Janet
    $400 24
moose

Triple Stumper
    $400 5
(Sarah: What is prime minister?)

president

JanetSarah
    $400 13
done

Janet
    $1,000 2
George Carlin

Janet
    $600 9
kidney stone

Sarah
    $600 25
(Alex: We've got a minute to go.)

Ohio

Sarah
    $600 6
(Sarah: What is the 27th?)

19th

SarahBruce
    $600 14
hilt (or haft)

Sarah
    $600 3
Margaret Sanger

Sarah
    $800 10
biofeedback

Janet
    $1,000 26
(Sarah: Wh--what is Ottawa, ogh!... and Saskatchewan?)

(2 of) Saskatchewan, Ontario, Quebec & Manitoba

Sarah
    $800 19
(Janet: Who is Gloria Steinem?)

Betty Friedan

JanetSarah
    $800 15
slab

Janet
    $800 17
(Janet: What are the Movies?)
...
(Alex: The Parents [*] Resource Center.)

Music

Janet
Triple Stumper
    $1000 11
jaw

Janet
    $1000 27
(Bruce: What is Sioux City?)
...
[The end-of-round signal sounds.]

Keokuk

Bruce
Triple Stumper
    $1000 20
Germaine Greer

Sarah
    $1000 16
Step

Bruce
    $1000 18
pregnant

Sarah

Scores at the end of the Double Jeopardy! Round:

Janet Sarah Bruce
$5,300 $6,700 $2,500

[wagering suggestions for these scores]

Final Jeopardy! Round responses

WORLD CITIES
BruceWhat is Venice, Italy?
$2,500
JanetWhat is Venice, Italy?
$1,401
SarahWhat is Venice, Italy?
$2,700
Venice, Italy

Final scores:

Janet Sarah Bruce
$6,701 $9,400 $5,000
2nd place: La-Z-Boy Signature II sleep sofa & Sierra fireplace New champion: $9,400 3rd place: Stained Glass Overlay designer glass

Game dynamics:

Coryat scores:

Janet Sarah Bruce
$4,700 $7,500 $2,500
15 R
(including 1 DD),
2 W
23 R
(including 1 DD),
6 W
(including 1 DD)
12 R,
4 W

Combined Coryat: $14,700

[game clues] [game scores] [suggest correction]

Game tape date: 1987-09-22
The J! Archive is created by fans, for fans. Scraping, republication, monetization, and malicious use prohibited; this site may use cookies and collect identifying information. See terms. The Jeopardy! game show and all elements thereof, including but not limited to copyright and trademark thereto, are the property of Jeopardy Productions, Inc. and are protected under law. This website is not affiliated with, sponsored by, or operated by Jeopardy Productions, Inc. Join the discussion at JBoard.tv.